LEADER 01737nam 2200433 a 450 001 9910701397303321 005 20111229152158.0 035 $a(CKB)5470000002417090 035 $a(OCoLC)769781711 035 $a(EXLCZ)995470000002417090 100 $a20111229d2011 ua 0 101 0 $aeng 135 $aurbn||||||||| 181 $ctxt$2rdacontent 182 $cc$2rdamedia 183 $acr$2rdacarrier 200 10$aNuclear safety$b[electronic resource] $eagreement between the United States of America and Greece signed at Vienna, September 29, 2008 210 1$a[Washington, D.C.] :$cU.S. Dept. of State,$d[2011?] 215 $a1 online resource (17 unnumbered pages) 225 1 $aTreaties and other international acts series ;$v08-929 300 $aTitle from title screen (viewed on Dec. 29, 2011). 517 $aNuclear safety 606 $aNuclear energy$xSafety measures$xGovernment policy$zUnited States 606 $aNuclear energy$xSafety measures$xGovernment policy$zGreece 606 $aCommunication of technical information$zUnited States 606 $aCommunication of technical information$zGreece 606 $aNuclear facilities$xSafety measures$xInternational cooperation 615 0$aNuclear energy$xSafety measures$xGovernment policy 615 0$aNuclear energy$xSafety measures$xGovernment policy 615 0$aCommunication of technical information 615 0$aCommunication of technical information 615 0$aNuclear facilities$xSafety measures$xInternational cooperation. 712 02$aUnited States.$bDepartment of State. 801 0$bGPO 801 1$bGPO 906 $aBOOK 912 $a9910701397303321 996 $aNuclear safety$92319825 997 $aUNINA LEADER 01747nas 2200517-a 450 001 996215443203316 005 20230402213018.0 035 $a(OCoLC)58633101 035 $a(CKB)1000000000280875 035 $a(CONSER)--2009210974 035 $a(EXLCZ)991000000000280875 100 $a20050322a20059999 --- a 101 0 $aeng 135 $aur|n||||||||| 181 $ctxt$2rdacontent 182 $cn$2rdamedia 183 $anc$2rdacarrier 200 00$aEmerging Europe monitor$iCentral Europe & Baltic States 210 $aLondon $cBusiness Monitor International$d©2005- 215 $avolumes ;$d30 cm 300 $aTitle from caption. 311 $a1746-0743 517 3 $aCentral Europe & Baltic States 517 3 $aCentral Europe and Baltic States monitor 517 3 $aCentral Europe & Baltics 517 3 $aEEM : 531 $aEMERGING EUROPE MONITOR 606 $aEconomic history$2fast$3(OCoLC)fst00901974 606 $aEconomic policy$2fast$3(OCoLC)fst00902025 607 $aEurope, Central$xEconomic conditions$vPeriodicals 607 $aEurope, Central$xEconomic policy$vPeriodicals 607 $aBaltic States$xEconomic conditions$vPeriodicals 607 $aBaltic States$xEconomic policy$vPeriodicals 607 $aEurope centrale$xConditions économiques$vPériodiques 607 $aEurope centrale$xPolitique économique$vPériodiques 607 $aBaltic States$2fast 607 $aCentral Europe$2fast 608 $aPeriodicals.$2fast 615 7$aEconomic history. 615 7$aEconomic policy. 676 $a330.94305 712 02$aBusiness Monitor International. 906 $aJOURNAL 912 $a996215443203316 996 $aEmerging Europe monitor$91887322 997 $aUNISA